Iliad Franchise - Statistics

General Stats
  • This quiz has been taken 28 times
  • The average score is 3 of 26
Answer Stats
Type Year Name Info % Correct
Essay 1939 The Iliad, or The Poem of Force Simone Weil
100%
Epic Poem 8th Century BC Iliad Homer
92%
Novel 2000 Troy Adèle Geras
54%
Poem 1959 War Music Christopher Logue
4%
Novel 1993 Black Ships Before Troy: The Story of the Iliad Rosemary Sutcliff
0%
Epic Poem 1183 Daretis Phrygii Ilias De Bello Troiano Joseph of Exeter
0%
Film 1924 Helena Bavaria Film
0%
Film 1956 Helen of Troy Warner Bros.
0%
TV Mini-Series 2003 Helen of Troy USA Network
0%
Novel 2003 Ilium Dan Simmons
0%
TV Documentary Mini-Series 1985 In Search of Trojan War BBC2
0%
Opera 1962 King Priam Michael Tippett
0%
Painting 1921 Orestes Pursued by the Furies John Singer Sargent
0%
Poem ???? Priapea 68 N/A
0%
Novel 2009 Ransom David Malouf
0%
Non-Fiction Book 2006 Rediscovering Homer Andrew Dalby
0%
Statue 435 BC Statue of Zeus at Olympia Phidias
0%
Painting 1801 The Ambassadors of Agamemnon in the Tent of Achilles Jean-Auguste-Dominique Ingres
0%
Novel 1987 The Firebrand Marion Zimmer Bradley
0%
Musical 1954 The Golden Apple Jerome Moross
0%
Painting 1788 The Loves of Paris and Helen Jacques-Louis David
0%
Symphony 2004 The Odyssey Symphony Robert W. Smith
0%
Painting 1862 The Remorse of Orestes William-Adolphe Bouguereau
0%
Vase 510 BC The Revelers Vase Euthymides
0%
Poem 1952 The Shield of Achilles W. H. Auden
0%
Play 1935 The Trouan War Will Not Take Place Jean Giraudoux
0%
No matching quizzes found
Score Distribution
Percent of People with Each Score
Percentile by Number Answered
Your Score History
You have not taken this quiz